Marx, Engels y la Revolución de 1848 /

Gardado en:
Detalles Bibliográficos
Autor Principal: Claudín, Fernando (autor)
Formato: Libro
Idioma:Lingua castelá
Publicado: Madrid, España : Siglo XXI, 1975, c1975
Etiquetas: Engadir etiqueta
Sen Etiquetas, Sexa o primeiro en etiquetar este rexistro!

MARC

LEADER 00000nam^a2200000^a^4500
001 000563558
005 20250521000000.0
009 20260310132008.4
020 |a 84-323-0191-4 
037 |a Acervo Xavier Clavigero 
041 |a ESP 
091 |a FPA. 00486 
100 |a Claudín, Fernando  |e (autor) 
245 1 0 |a Marx, Engels y la Revolución de 1848 / 
264 4 |a Madrid, España :  |b Siglo XXI,  |c 1975, c1975 
300 |a XIII, 457 p. 
336 |a texto  |b txt  |2 rdacontenido 
337 |a sin mediación  |b n  |2 rdamedio 
338 |a volumen  |b nc  |2 rdasoporte 
649 |a XX 
910 |a Fondo José Ignacio Palencia Gómez S.J. 
920 |a Impresos - Libros 
930 |a Fondos Especiales 
905 |a 137 
901 |a 0500359527  |b IT2  |c ESL  |i D  |u 20250521 
902 |a https://opac.biblio.iteso.mx/vufind/Record/000563558